| 000 | 00000nam 2200000za 4500 |
| 001 | 9.801312 |
| 003 | CaOODSP |
| 005 | 20250403105638 |
| 007 | cr ||||||||||| |
| 008 | 150611s2014 onc |o f|0| 0 fre d |
| 040 | |aCaOODSP|bfre |
| 043 | |an-cn--- |
| 086 | 1 |aCS75-006/1-2014-6F-PDF |
| 100 | 1 |aGalarneau, Diane. |
| 245 | 14|aLes hauts et les bas du salaire minimum |h[ressource électronique] / |cpar Diane Galarneau et Eric Fecteau. |
| 260 | |a[Ottawa] : |bStatistique Canada, |c2014. |
| 300 | |a13 p. : |bfigures, tableaux. |
| 490 | 1 |aRegards sur la société canadienne|x2291-0859 |
| 500 | |aPublié aussi en anglais sous le titre : The ups and downs of minimum wage. |
| 504 | |aComprend des références bibliographiques. |
| 700 | 1 |aFecteau, Eric. |
| 710 | 2 |aStatistique Canada. |
| 775 | 08|tThe ups and downs of minimum wage |w(CaOODSP)9.801310 |
| 830 | #0|aRegards sur la société canadienne (Statistique Canada)|x2291-0859|w(CaOODSP)9.503798 |
| 856 | 40|qPDF|s796 Ko|uhttps://publications.gc.ca/collections/collection_2015/statcan/75-006-x/75-006-2014001-6-fra.pdf |